000
00239 a2200109 4500
001
51173
040
_c
Anchieta - Pituba
240
1
0
_a
Reading explorer 3
_l
245
1
0
_a
Reading explorer 3
650
4
_a
Inglês e inglês antigo
942
_c
MX
999
_c
51173
_d
51173